[Event "EICC 2019"]
[Site "Skopia"]
[Date "2019.03.27"]
[Round "9.28"]
[White "Buhmann, Rainer"]
[Black "Vallejo Pons, Francisco"]
[Result "0-1"]
[WhiteElo "2568"]
[BlackElo "2698"]
[Annotator "TA"]
[PlyCount "122"]
[EventDate "2019.03.18"]
[EventType "swiss"]
[EventCountry "MKD"]
[SourceTitle "playchess.com"]
[Source "ChessBase"]
[SourceQuality "1"]

{[%evp 15,122,21,35,23,26,31,37,27,34,25,31,0,0,0,40,39,31,0,0,-27,10,-1,1,-16,-24,-31,-24,-27,-27,-20,-16,-64,-71,-61,-43,-64,-54,-66,-34,-134,-55,-133,-27,-56,-27,-70,-70,-61,-38,-83,-76,-102,-110,-91,0,-80,-76,-83,-78,-244,-144,-243,-138,-226,-230,-156,-241,-223,-229,-221,-239,-218,-237,-216,-214,-216,-135,-137,-137,-129,-136,-301,-301,-310,-300,-270,-255,-284,-292,-276,-268,-295,-267,-254,-237,-591,-596,-769,-726,-993,-993,-978,-967,-1446,-1397,-5081,-4397,-29984,-29985]} 1. Nf3 d5 2. d4 Nf6 3. c4 c6 4. e3 Bf5 5. Nc3 e6 6. Nh4 Be4 7. f3 Bg6 8. Qb3 Qc7 9. Bd2 {D12: Slav Defence: 3 Nf3 Nf6 4 e3 Bf5} Be7 10. g3 a6 11. Nxg6 {White is slightly better.} hxg6 12. a4 $146 ({Predecessor:} 12. Rc1 dxc4 13. Bxc4 Nbd7 14. O-O Rc8 15. Be2 O-O 16. Rfd1 c5 17. dxc5 Nxc5 {0-1 (50) Santos Latasa,J (2549)-Mamedov,R (2709) Batumi 2018}) 12... Nbd7 {[%cal Bb8d7,Bd7f8,Bf8e6][%mdl 32]} 13. Rc1 Rd8 14. a5 Rh5 15. cxd5 exd5 16. Be2 Nf8 17. Kf2 Ne6 18. Kg2 Rh8 19. Be1 g5 20. Bf2 g6 21. Qa4 Qd7 22. h3 Kf8 23. Na2 Bd6 24. Nb4 Kg7 25. Nd3 Qe7 26. Rc2 c5 27. b3 ({White should play} 27. dxc5 $15 Nxc5 28. Qd4) 27... Rde8 (27... cxd4 $17 28. exd4 Nh5) 28. Qa1 ({White should try} 28. dxc5 $15 Nxc5 29. Qd4) 28... Rc8 ({Better is} 28... cxd4 $17 29. exd4 Nh5) 29. Qc1 Rc7 30. Qd2 cxd4 $1 31. exd4 Nh5 32. Rxc7 Qxc7 33. Rc1 Qd7 {Hoping for ...Nef4+!} 34. Rh1 Qc7 {[%cal Rd6g3]} 35. Rc1 Qb8 $36 {[%mdl 2048] Black is on the roll.} 36. Qe1 Re8 37. Rc2 $2 {[#]} (37. b4 $17) 37... Bxg3 $1 {[%mdl 512]} 38. Bxg3 $17 Nxg3 (38... Qxg3+ $19 39. Qxg3 Nxg3 40. Kxg3 Nxd4 {[%mdl 64] Double Attack, Discovered Attack}) 39. Qxg3 Qxg3+ 40. Kxg3 {Strongly threatening Bf1.} Nxd4 {[%mdl 64] Double Attack, Discovered Attack} 41. Bd1 Nxc2 42. Bxc2 Re2 $1 {[%cal Re2c2]} 43. Bb1 {[#]} f5 $1 {[%cal Rf5f4] aiming for ...f4+.} 44. h4 {[#]} f4+ $1 45. Kh3 gxh4 {...g5 is the strong threat.} 46. Nxf4 Re3 47. Kxh4 Rxf3 48. Kg4 $2 (48. Nd3 $17) 48... Rxb3 $19 49. Ba2 Rb4 50. Bxd5 Kf6 51. Kf3 g5 52. Nd3 Rb5 53. Be4 Ke7 ({Resist} 53... Rxa5 54. Bxb7 Ra3 55. Ke4 $17) 54. Kg4 Kd6 ({Don't do} 54... Rxa5 55. Bxb7 Kf6 56. Bc6 $19) 55. Bf5 $2 (55. Nf2) 55... Rxa5 56. Kxg5 Ra4 57. Bc8 b5 58. Kf5 a5 {[%cal Ba6a5,Ba5a4][%mdl 32]} 59. Ba6 Rd4 60. Nf2 a4 61. Ne4+ {[#]} Rxe4 $1 {[%mdl 576] Promotion. Accuracy: White = 31%, Black = 58%.} 0-1

[Event "EICC 2019"]
[Site "Skopia"]
[Date "2019.03.27"]
[Round "9.29"]
[White "Eljanov, Pavel"]
[Black "Petrov, Nikita"]
[Result "0-1"]
[WhiteElo "2682"]
[BlackElo "2591"]
[Annotator "TA"]
[PlyCount "80"]
[EventDate "2019.03.18"]
[EventType "swiss"]
[EventCountry "MKD"]
[SourceTitle "playchess.com"]
[Source "ChessBase"]
[SourceQuality "1"]

{[%evp 9,80,29,31,24,35,45,30,26,36,27,30,25,31,14,22,0,54,0,33,25,31,26,38,39,90,105,147,145,129,30,38,41,35,38,38,29,37,34,49,22,15,25,50,18,32,35,30,24,21,-41,-64,-138,-158,-146,-145,-156,-143,-155,-144,-419,-422,-4786,-4810,-2264,-2258,-2258,-2179,-2157,-1871,-1552,-1234,-29994,-29995]} 1. d4 Nf6 2. c4 e6 3. Nf3 a6 4. Nc3 d5 5. cxd5 exd5 6. Bg5 {D37: Queen's Gambit Declined: 5 Bf4} Be6 7. e3 Nbd7 8. Bd3 {White has an edge.} h6 (8... Bd6 9. O-O c6 10. Qc2 Qc7 11. Rfe1 O-O 12. a3 Bg4 13. Bh4 Bh5 {0-1 (35) Mamedyarov,S (2817)-Maghsoodloo,P (2688) St Petersburg 2018}) 9. Bf4 g5 10. Bg3 Nh5 11. Be5 Nhf6 12. Bg3 Nh5 $1 13. Be5 Nhf6 14. Qb3 g4 15. Bxf6 $1 {[%mdl 64] [#] Overworked Piece} Nxf6 $146 ({Predecessor:} 15... Qxf6) 16. Ne5 Bd6 (16... Rb8 $14) 17. Qxb7 $16 Bxe5 18. dxe5 Nd7 19. O-O (19. Bxa6 $6 O-O $11) (19. Nxd5 $16 O-O 20. Rd1) 19... O-O $11 20. Rfd1 ({Don't play} 20. Nxd5 Nc5 $15) 20... Nxe5 21. Bf1 {[%cal Rc3d5]} ({Of course not} 21. Bxa6 Qd6 $17) 21... c6 $1 22. Qb4 Qf6 23. Qd4 a5 24. Na4 h5 25. Rac1 Qg7 26. Be2 h4 27. Kh1 Rab8 {White must now prevent ...Rb4.} 28. a3 Rfe8 29. Rc5 (29. Nc5 $11) 29... Bf5 $15 30. Rxa5 ({White should try} 30. Qf4 $15 Qg6 31. h3) 30... h3 $17 31. Nc5 hxg2+ 32. Kxg2 Qh6 33. Kh1 Qh3 $40 {[%mdl 128] Strongly threatening ...g3! Black attacks with force.} 34. Ra7 $2 {[%mdl 8192] [#]} (34. Bf1 $17 {might work better.} Qh4 35. b4) 34... Rxb2 $1 $19 {[%mdl 512]} 35. Qxb2 (35. Re7 $142 Rxe7 36. Qxb2) 35... Nf3 36. Bxf3 Qxf3+ {[%mdl 64] Double Attack} 37. Kg1 Qxd1+ 38. Kg2 {[#]} Qf3+ $1 39. Kf1 g3 {( -> ...Bg4)} 40. hxg3 Bg4 {Accuracy: White = 41%, Black = 64%.} 0-1

[Event "EICC 2019"]
[Site "Skopia"]
[Date "2019.03.27"]
[Round "9.30"]
[White "Dreev, Aleksey"]
[Black "Arutinian, David"]
[Result "1/2-1/2"]
[WhiteElo "2662"]
[BlackElo "2555"]
[Annotator "TA"]
[PlyCount "56"]
[EventDate "2019.03.18"]
[EventType "swiss"]
[EventCountry "MKD"]
[SourceTitle "playchess.com"]
[Source "ChessBase"]
[SourceQuality "1"]

{[%evp 14,56,13,20,19,17,37,36,38,24,24,29,40,31,39,31,28,23,19,10,20,12,18,4,7,11,22,27,18,12,7,8,13,0,0,0,0,-18,0,0,0,0,12,7,8]} 1. d4 Nf6 2. c4 e6 3. Nc3 Bb4 4. Nf3 O-O 5. Bd2 d5 6. e3 c5 7. a3 Bxc3 8. Bxc3 Ne4 {E51: Nimzo-Indian: Rubinstein: 4...0-0 5 Nf3 d5} 9. Rc1 cxd4 (9... Nxc3 10. Rxc3 cxd4 11. Nxd4 dxc4 12. Bxc4 Bd7 13. O-O Nc6 14. Nb3 Qe7 15. Be2 Rfc8 16. Qd2 Nd8 17. Nc5 Be8 18. Rfc1 Rc7 19. Ne4 Rxc3 20. Qxc3 {½-½ (49) Riazantsev,A (2671)-Inarkiev,E (2709) Doha 2016}) 10. Qxd4 {[%csl Gc3][%cal Rd4g7] [#]} Nxc3 {White is slightly better.} 11. Qxc3 dxc4 $146 ({Predecessor:} 11... Nc6 12. cxd5 Qxd5 13. Bc4 Qh5 14. b4 a6 15. O-O e5 16. Bd5 {1-0 (30) Kazimova,N (2323)-Mdivani,M (1958) Novi Sad 2016}) 12. Bxc4 Nc6 13. O-O Bd7 14. Rfd1 Qe7 15. b4 a6 16. Nd2 Rfd8 17. Nb3 Be8 18. Bd3 Rac8 19. Qb2 Nb8 20. Rxc8 Rxc8 21. Rd2 {The position is equal.} h6 22. h3 Bc6 23. Nd4 Bd5 24. Ne2 Nd7 25. Qd4 Qf6 26. Qxf6 Nxf6 27. f3 Nd7 28. Rc2 Rxc2 {Accuracy: White = 50%, Black = 53%.} 1/2-1/2

[Event "EICC 2019"]
[Site "Skopia"]
[Date "2019.03.27"]
[Round "9.31"]
[White "Safarli, Eltaj"]
[Black "Petrosyan, Manuel"]
[Result "1-0"]
[WhiteElo "2662"]
[BlackElo "2564"]
[Annotator "TA"]
[PlyCount "79"]
[EventDate "2019.03.18"]
[EventType "swiss"]
[EventCountry "MKD"]
[SourceTitle "playchess.com"]
[Source "ChessBase"]
[SourceQuality "1"]

{[%evp 20,79,51,12,12,12,5,8,50,50,55,49,53,52,47,41,58,58,79,61,58,54,56,16,17,28,42,45,59,39,41,40,35,45,58,62,87,61,77,70,91,74,95,93,106,106,107,107,100,92,134,135,203,201,601,601,601,551,29979,29980,29996,29997]} 1. e4 c6 2. d4 d5 3. exd5 cxd5 4. Bd3 Nc6 5. c3 Qc7 6. Ne2 Bg4 7. O-O {B13: Caro-Kann: Exchange Variation and Panov-Botvinnik Attack} e6 (7... Nf6 8. Qe1 Qc8 9. Ng3 h5 10. f3 Bd7 11. Bf4 h4 12. Ne2 Bf5 13. Bxf5 Qxf5 14. h3 e6 {½-½ (26) Kamsky,G (2666)-Vitiugov,N (2709) Germany 2019}) 8. Qe1 Bxe2 9. Qxe2 Bd6 10. g3 h5 11. Nd2 {LiveBook: 4 Games} h4 {[%cal Rh4g3]} 12. Nf3 hxg3 13. hxg3 Nf6 14. Kg2 O-O-O 15. Bg5 Kb8 $146 ({Predecessor:} 15... Rdg8 16. Rh1 Nd7 17. Rxh8 Rxh8 18. Rh1 Rxh1 {½-½ (18) Colombo,R (2100)-Castaldo,F (2431) Alessandria 2018}) 16. Rh1 Rde8 17. Rae1 Nd7 18. Bd2 Qd8 19. Ng5 Qe7 20. Rxh8 Rxh8 21. Rh1 Rxh1 22. Kxh1 Nd8 23. b3 {[%cal Bb2b3,Bb3b4][%mdl 32]} e5 24. dxe5 Nxe5 25. Bc2 f6 26. Nf3 Nxf3 27. Qxf3 Qf7 28. b4 Nc6 29. Bb3 Ne7 30. Qg4 g5 31. Kg2 Qg6 32. Qe6 Kc7 33. c4 {[#] Black must now prevent c5.} dxc4 34. Qxc4+ Kb8 35. Qe6 Qd3 (35... Kc7 $16 36. Bc3 f5) 36. Be3 $18 {aiming for Bc4.} Nf5 $2 (36... b5 37. Qxf6 Qe4+ 38. Qf3 Qxb4) 37. Qe8+ Kc7 38. Bxa7 {[#] Qb8+ is the strong threat.} g4 {intending ...Nh4+.} 39. Qb8+ Kc6 40. Qc8+ {Precision: White = 88%, Black = 46%.} 1-0

[Event "EICC 2019"]
[Site "Skopia"]
[Date "2019.03.27"]
[Round "9.32"]
[White "Stupak, Kirill"]
[Black "Melkumyan, Hrant"]
[Result "1-0"]
[WhiteElo "2537"]
[BlackElo "2661"]
[Annotator "TA"]
[PlyCount "136"]
[EventDate "2019.03.18"]
[EventType "swiss"]
[EventCountry "MKD"]
[SourceTitle "playchess.com"]
[Source "ChessBase"]
[SourceQuality "1"]

{[%evp 24,136,-51,-54,-49,-56,-39,-35,-36,-28,-5,-7,6,3,12,11,67,75,73,49,56,37,46,47,49,37,45,40,52,4,48,45,66,0,69,68,68,68,68,68,77,64,74,66,80,72,85,88,103,50,62,66,73,75,78,51,115,115,123,106,106,123,118,60,60,59,70,42,51,42,42,42,47,43,158,126,156,127,125,8,8,8,239,239,764,1204,1161,953,4429,4080,1814,1497,6223,4825,29952,29959,29974,29975,29975,29975,29979,29977,29977,29978,29978,29979,29980,29982,29982,29983,29983,29984,29983,29982,29982]} 1. d4 Nf6 2. c4 e6 3. g3 d5 4. Nf3 dxc4 5. Qa4+ Nbd7 6. Bg2 a6 7. Qxc4 b5 8. Qc2 Bb7 9. O-O c5 10. Nc3 Rc8 11. dxc5 Bxc5 12. a3 O-O 13. Bg5 Qb6 {Threatens to win with ...Ne4! E03: Open Catalan: 5 Qa4+ Nbd7 6 Qxc4} (13... h6 14. Bxf6 Nxf6 15. Ne5 Bxg2 16. Kxg2 Bd4 17. Rad1 Qb6 18. Nf3 Bxc3 19. bxc3 Qa5 20. a4 Rxc3 21. Qd2 {0-1 (47) Fernandez Borrego,P (2341)-Strikovic,A (2542) Ourense 2014}) 14. Bxf6 Nxf6 15. e3 $146 ({Predecessor:} 15. Ne5 Bxg2 16. Kxg2 Bd4 17. Nf3 Bxc3 18. bxc3 Qc5 19. Rfc1 Nd5 20. Qb3 Qc4 21. Qxc4 Rxc4 {0-1 (35) O'Cinneide,M (2280)-Bryson,D (2380) Newcastle on Tyne 1995}) 15... a5 {Black is slightly better.} 16. Rfd1 Rc7 17. Qe2 Ba6 18. Bf1 Ra8 19. Nxb5 Nd5 (19... Rac8 $11) 20. a4 $14 Rac8 21. Nfd4 Be7 22. Bg2 Nb4 23. Rd2 Rc5 24. Rad1 g6 25. h4 Kg7 26. Qf3 h5 27. Qe4 Bf6 28. Qf3 (28. Bh3 $14 Nd5 29. Nxe6+ (29. Bxe6 Re8 $11 {[%mdl 64] Pin}) 29... fxe6 30. Qxe6 Qxe6 31. Bxe6) 28... Rc1 (28... Be7 $1 $11) 29. Nd6 {Ne8+! is the strong threat.} Rxd1+ 30. Qxd1 Rd8 ({Don't blunder} 30... Qxd6 $2 {[#]} 31. Nf5+ $1 {[%mdl 512]} exf5 32. Rxd6 $18) 31. N4b5 Qb8 32. Bf3 Kf8 33. Ne4 Rxd2 34. Qxd2 Be7 35. Qd4 {[%cal Rd4h8]} e5 36. Qd7 (36. Qc4 $16) 36... Bc8 37. Qd2 Be6 38. Qc3 {Hoping for Nc7.} Bd7 39. Qc4 Qc8 ({Black should play} 39... Be6 $14 40. Qc3 Bf5) 40. Ned6 $16 Bxd6 41. Nxd6 {[%csl Gd6][%cal Rc4f7]} Qxc4 42. Nxc4 Bxa4 43. Nxa5 {[%mdl 4096] Endgame KBN-KBN} ({Better is} 43. Nxe5 $16 Bb5 44. Bg2) 43... Bb5 $14 44. Bd1 Ke7 45. Bb3 f5 46. Bc4 Bxc4 47. Nxc4 {KN-KN} e4 48. f3 exf3 (48... Nd3 $14) 49. Kf2 Kf6 50. Kxf3 g5 51. e4 (51. Ke2 $16) 51... gxh4 $11 {Strongly threatening ...fxe4+.} 52. gxh4 {And now Ne3 would win.} Ke6 $2 (52... Nd3 $1 $11) 53. Ne3 $18 fxe4+ $2 (53... Nd3 54. Nxf5 Ke5) 54. Kxe4 Nc6 55. Nd5 Ne5 56. Nf4+ Kd6 57. b3 {[%cal Bb2b3,Bb3b4,Bb4b5,Bb5b6][%mdl 32]} Nd7 58. Kf5 Nc5 59. b4 {White mates.} Na6 60. b5 Nc5 61. Nxh5 Ne6 62. Kf6 Nc5 63. Nf4 Ne4+ 64. Kg6 Ng3 65. b6 Kc6 {[#]} 66. Nd5 $1 {[%mdl 512]} Ne4 (66... Kxd5 67. b7) 67. h5 Nc5 68. h6 Kxd5 {Accuracy: White = 63%, Black = 36%.} 1-0

[Event "EICC 2019"]
[Site "Skopia"]
[Date "2019.03.27"]
[Round "9.33"]
[White "Fressinet, Laurent"]
[Black "Rozum, Ivan"]
[Result "1/2-1/2"]
[WhiteElo "2652"]
[BlackElo "2573"]
[Annotator "TA"]
[PlyCount "113"]
[EventDate "2019.03.18"]
[EventType "swiss"]
[EventCountry "MKD"]
[SourceTitle "playchess.com"]
[Source "ChessBase"]
[SourceQuality "1"]

{[%evp 13,113,32,53,47,77,6,7,11,18,16,18,16,11,15,6,14,13,0,0,8,17,17,17,17,17,17,17,16,16,17,17,8,8,16,26,24,25,31,51,50,51,44,135,116,138,143,208,198,191,206,217,208,190,206,224,118,150,145,224,190,334,349,348,347,360,353,314,398,375,349,469,531,497,444,371,42,48,0,0,0,0,0,0,0,0,0,0,0,0,0,0,0,0,0,0,0,0,0,0,0,0,0]} 1. e4 c6 2. d4 d5 3. e5 Bf5 4. Nf3 e6 5. Be2 c5 6. Be3 Qb6 7. Nc3 Nc6 8. O-O {Threatens to win with dxc5. B12: Caro-Kann: Advance Variation} Qxb2 9. Qe1 ({Better is} 9. Nb5 $16 Rc8 10. dxc5) 9... cxd4 $11 10. Bxd4 Nxd4 ({Wrong is} 10... Qxc2 $2 11. Rc1 $18) ({Avoid the trap} 10... Bxc2 $2 11. Nb5 $18) 11. Nxd4 Bb4 12. Rb1 Bxc3 13. Rxb2 Bxe1 14. Rxe1 b6 $1 15. Rb3 Ne7 {[#]} 16. Rc3 $146 Rc8 17. Rxc8+ Nxc8 18. h4 {White wants to play g4.} h5 19. Bb5+ Kd8 20. Nxf5 exf5 {[%mdl 4096] Endgame KRB-KRN} 21. Rd1 Ne7 22. c4 Ng6 23. Rxd5+ Kc8 24. Bd7+ Kb8 $1 25. g3 Ne7 26. Rd3 Kc7 {Hoping for ...Rd8.} 27. e6 Ng6 (27... fxe6 $14 28. Bxe6 Rd8 29. Rxd8 Kxd8) 28. Bb5 $1 $16 ({Weaker is} 28. exf7 Ne5 $17) 28... Rd8 29. Ra3 $1 Rd1+ (29... a6 $16) 30. Kg2 $18 fxe6 31. Rxa7+ Kd8 32. Rxg7 Ne5 33. a4 $1 {[%cal Ba2a4,Ba4a5,Ba5a6][%mdl 32]} Rd2 {[#]} 34. Kf1 (34. c5 $1 $18 {[%cal Rc5b6][%mdl 512]} bxc5 35. a5) 34... Rc2 35. Rb7 Ng4 (35... Nxc4 $16 36. Ke1 Ne5) 36. Rxb6 Rxf2+ (36... e5 $142 37. Rb8+ Ke7) 37. Ke1 e5 38. a5 Ra2 39. a6 f4 40. gxf4 exf4 {next ...f3 is good for Black.} 41. c5 f3 42. Rb8+ Kc7 43. Rb7+ Kd8 {intending ...f2+.} 44. Rd7+ $2 ({White should play} 44. Kd1 $18) 44... Kc8 $14 45. Rf7 f2+ {The position is equal.} 46. Kd1 {a7 is the strong threat.} Ne3+ 47. Kc1 Rc2+ 48. Kb1 {Intending a7 and mate.} Rxc5 49. Bd3 {Black must now prevent Rf8+.} f1=Q+ (49... f1=R+ {with more complications.} 50. Bxf1 Nxf1 51. Rxf1 Kb8 52. Rf6 Rc4) 50. Bxf1 Nxf1 51. Rxf1 $11 {Strongly threatening Rf8+. KR-KR} Kb8 52. Rf4 Ra5 53. Kc2 Ka7 54. Kd3 Kxa6 55. Ke4 Kb6 56. Rf6+ Kc7 57. Kf4 {Accuracy: White = 59%, Black = 59%.} 1/2-1/2

[Event "EICC 2019"]
[Site "Skopia"]
[Date "2019.03.27"]
[Round "9.34"]
[White "Moiseenko, Alexander"]
[Black "Halkias, Stelios"]
[Result "1/2-1/2"]
[WhiteElo "2648"]
[BlackElo "2552"]
[Annotator "TA"]
[PlyCount "72"]
[EventDate "2019.03.18"]
[EventType "swiss"]
[EventCountry "MKD"]
[SourceTitle "playchess.com"]
[Source "ChessBase"]
[SourceQuality "1"]

{[%evp 15,72,0,0,0,0,0,0,0,0,0,43,24,24,0,0,-11,0,0,-5,-6,-7,-23,0,0,0,-32,-35,-34,-34,-34,-35,-52,-35,-53,-53,-48,-47,-47,0,-7,0,-64,10,10,26,8,8,0,0,0,0,0,0,0,0,0,0,0,0]} 1. d4 Nf6 2. c4 e6 3. Nc3 Bb4 4. Bg5 h6 5. Bh4 c5 6. d5 O-O 7. e3 exd5 8. cxd5 d6 9. Bd3 {E31: Nimzo-Indian: Leningrad Variation: 4...h6 5 Bh4 c5 6 d5 d6} Bxc3+ (9... Nbd7 10. Nge2 Ne5 11. O-O Ng6 12. Bg3 Nh5 13. a3 Bxc3 14. bxc3 Qe7 15. h3 Nxg3 16. Nxg3 Ne5 17. Be2 Qh4 18. Qe1 f5 19. f4 {½-½ (55) Babula,V (2572)-Schenk,A (2499) Austria 2011}) 10. bxc3 Nbd7 11. Ne2 Ne5 12. O-O Re8 13. f3 $146 ({Predecessor:} 13. c4 Ng6 14. Bxg6 fxg6 15. Nc3 Qe7 16. Bxf6 Qxf6 17. Qd3 Bf5 18. e4 Bd7 19. f3 Rac8 {½-½ (19) Peralta,F (2360)-Tempone,M (2445) Buenos Aires 1998}) 13... Bd7 14. e4 b5 15. Kh1 a5 16. a3 Rb8 17. Rb1 Qe7 18. Rb2 Rb7 19. h3 Reb8 20. Nc1 Ng6 21. Bg3 Nh5 22. Bh2 Nhf4 23. Ne2 Qf6 24. Qd2 {[%cal Re2f4]} Nxd3 25. Qxd3 b4 26. axb4 axb4 27. Rfb1 Bb5 28. Qd2 ({White should try} 28. Qe3 $1 $11) 28... Bxe2 (28... Ne5 $1 $15 29. Bxe5 Qxe5 30. cxb4 Bxe2 31. Qxe2 Rxb4 32. Rxb4 Rxb4) 29. Qxe2 $11 Nf4 30. Qc4 Nxh3 {The position is equal.} 31. e5 dxe5 32. Qxc5 {[%cal Rb2b4]} Nf4 33. Bxf4 exf4 34. Rxb4 Rxb4 35. cxb4 Re8 36. Qf2 Qc3 {Accuracy: White = 56%, Black = 72%.} 1/2-1/2

[Event "EICC 2019"]
[Site "Skopia"]
[Date "2019.03.27"]
[Round "9.35"]
[White "Alekseev, Evgeny"]
[Black "Nasuta, Grzegorz"]
[Result "1-0"]
[WhiteElo "2640"]
[BlackElo "2517"]
[Annotator "TA"]
[PlyCount "81"]
[EventDate "2019.03.18"]
[EventType "swiss"]
[EventCountry "MKD"]
[SourceTitle "playchess.com"]
[Source "ChessBase"]
[SourceQuality "1"]

{[%evp 10,81,8,8,10,9,10,12,10,11,14,10,24,14,88,89,85,82,81,73,90,80,84,91,86,80,114,88,111,88,63,21,48,65,210,98,141,108,402,372,405,402,410,397,445,428,432,432,951,928,1051,1092,1260,1234,1230,1198,1189,1128,1052,0,1041,773,990,284,987,981,1260,1251,1245,1222,1151,1112,865,805]} 1. c4 g6 2. Nc3 c5 3. g3 Bg7 4. Bg2 Nc6 5. d3 d6 6. Rb1 Bd7 {A36: Symmetrical English vs ...g6: 4 Bg2 Bg7} (6... e5 7. a3 a5 8. Nf3 Nge7 9. O-O O-O 10. Ne1 Be6 11. Nc2 d5 12. cxd5 Nxd5 13. Ne3 Nde7 14. Bd2 Rb8 15. Na4 b6 16. b4 cxb4 17. axb4 axb4 18. Bxb4 Nxb4 19. Rxb4 b5 20. Nc5 Qd6 21. Nxe6 Qxb4 22. Nxf8 Bxf8 {½-½ (37) Berkes,F (2678)-Mekhitarian,K (2550) Khanty-Mansiysk 2010}) 7. e3 $146 ({Predecessor:} 7. Bd2 a6 8. a3 Rb8 9. b4 cxb4 10. axb4 b5 11. cxb5 axb5 12. Nf3 Nf6 13. O-O O-O 14. Qc2 Ng4 15. h3 Nge5 16. Nxe5 Bxe5 17. Bh6 Re8 18. Nxb5 Nxb4 19. Rxb4 Rxb5 20. Rfb1 Rxb4 21. Rxb4 Qa5 {½-½ (30) Zwardon,V (2391)-Sikorova,O (2288) Ostrava 2014}) 7... a6 8. Nge2 Rb8 {The position is equal.} 9. b3 h5 10. h3 b5 11. Bb2 b4 (11... Nh6 $11) 12. Ne4 $1 $16 Bxb2 13. Rxb2 h4 14. d4 hxg3 15. fxg3 f5 16. Ng5 e5 17. h4 $1 Qe7 18. O-O Nf6 19. dxc5 dxc5 20. Bd5 {And now Bf7+ would win.} Nd8 21. Rd2 Ng4 (21... Rb6 $14) 22. Qa1 (22. Re1 $1 $18) 22... Rh5 {[#]} ({Don't go for} 22... Nxe3 $2 23. Re1 $18) 23. Re1 $1 {Strongly threatening Nf4!} Be6 $2 {[%mdl 8192]} (23... Rb6 $16) 24. Nxe6 Nxe6 25. Bxe6 Qxe6 {[#]} 26. Nf4 $1 {[%cal Rf4e6][%mdl 512]} Qc6 (26... exf4 27. exf4) 27. Nxh5 gxh5 28. Rd5 Rd8 (28... Rb7 $142 29. Rxe5+ Nxe5 30. Qxe5+ {[%mdl 64] Double Attack} Kd8) 29. Rxe5+ $18 Nxe5 30. Qxe5+ {[%mdl 4160] Endgame Double Attack. KQR-KQR} Kd7 31. Rd1+ Kc8 32. Qxf5+ {[%mdl 64] Double Attack} Kc7 33. Qe5+ Kc8 34. Qf5+ Kc7 35. Qf7+ Kc8 36. Rxd8+ Kxd8 37. Qxh5 {White is clearly winning.} a5 38. Qg5+ Kc8 39. Qf5+ Kb7 40. h5 Qd6 41. Kg2 {Accuracy: White = 85%, Black = 41%.} 1-0

[Event "EICC 2019"]
[Site "Skopia"]
[Date "2019.03.27"]
[Round "9.36"]
[White "Martinovic, Sasa"]
[Black "Volokitin, Andrei"]
[Result "1/2-1/2"]
[WhiteElo "2558"]
[BlackElo "2635"]
[Annotator "TA"]
[PlyCount "119"]
[EventDate "2019.03.18"]
[EventType "swiss"]
[EventCountry "MKD"]
[SourceTitle "playchess.com"]
[Source "ChessBase"]
[SourceQuality "1"]

{[%evp 13,119,23,19,32,29,27,30,28,32,9,13,15,18,8,8,8,8,10,13,5,20,18,29,17,44,33,43,41,32,4,6,5,5,0,0,0,0,0,0,0,0,0,0,0,0,0,0,0,7,0,0,-8,-8,-8,-8,-8,-8,-8,-8,-8,-8,-8,0,0,0,-8,-8,-8,-8,-8,0,0,0,0,0,-8,-8,-8,-8,-8,-8,-8,-8,-8,0,0,0,-8,-8,-8,-8,-8,-8,-8,-8,-8,0,0,0,0,0,-8,-8,-8,0,0,0,0]} 1. d4 Nf6 2. c4 e6 3. Nc3 Bb4 4. Qc2 d5 5. cxd5 exd5 6. Bg5 c5 7. dxc5 h6 ({Reject} 7... Bxc5 $6 8. O-O-O $16) 8. Bh4 {E35: Nimzo-Indian: Classical: 4...d5 5 cxd5 exd5} O-O 9. e3 Be6 10. Nf3 {White has an edge.} Nbd7 11. Be2 Rc8 12. O-O Nxc5 13. a3 Bxc3 14. Qxc3 g5 {[#] Hoping for ...Nfe4.} 15. Bg3 Nfe4 16. Qe1 $146 Bf5 17. Qd1 Nxg3 18. hxg3 Be4 19. Nd4 Qf6 20. Rc1 Ne6 21. Qd2 Nxd4 {The position is equal.} 22. exd4 Kg7 23. g4 Rfe8 24. b4 Bg6 25. f3 Qf4 ({Wrong is} 25... Rxe2 $2 26. Qxe2 Qxd4+ 27. Qf2 $18) 26. Qxf4 gxf4 27. Kf2 b6 28. Bb5 Rxc1 $1 29. Rxc1 $11 {[%mdl 4096] Endgame KRB-KRB} Re3 30. g3 Rxa3 31. gxf4 Bd3 32. Bxd3 Rxd3 {KR-KR} 33. Ra1 Rxd4 34. Ke3 Rxb4 35. Rxa7 Rb3+ 36. Ke2 Rb2+ 37. Ke3 Rb3+ 38. Ke2 Rb4 39. f5 Kf6 40. Rd7 d4 41. f4 Rb2+ 42. Kf3 Rb3+ 43. Ke4 Rg3 44. Rxd4 Rxg4 45. Rd6+ Kg7 46. Kf3 h5 47. Rxb6 Rg1 48. Rb2 Ra1 49. Rg2+ Kf6 50. Rg5 Rf1+ 51. Ke4 Rh1 52. Kf3 h4 53. Kg2 Rc1 54. Rh5 Rc3 55. Rxh4 Kxf5 56. Rh7 f6 57. Rf7 Rc4 58. Kg3 Rxf4 59. Rxf6+ Kxf6 60. Kxf4 {Accuracy: White = 65%, Black = 70%.} 1/2-1/2